[Event "blitmenteam"]
[Site "?"]
[Date "2016.10.07"]
[Round "12.19"]
[White "Dulenko, Maxim"]
[Black "Levin, Evgeny A."]
[Result "0-1"]
[LiveChessVersion "1.4.4"]
[BlackElo "2480"]
[WhiteElo "2174"]

1. e4 {[%clk 0:03:04]} d5 {[%clk 0:03:04]} 2. e5 {[%clk 0:03:04]} c5
{[%clk 0:03:04]} 3. c3 {[%clk 0:03:06]} Nc6 {[%clk 0:03:02]} 4. Bb5
{[%clk 0:03:07]} Bd7 {[%clk 0:03:01]} 5. Bxc6 {[%clk 0:02:57]} Bxc6
{[%clk 0:03:02]} 6. Nf3 {[%clk 0:02:58]} e6 {[%clk 0:03:02]} 7. O-O
{[%clk 0:02:57]} d4 {[%clk 0:02:41]} 8. d3 {[%clk 0:02:54]} dxc3 {[%clk 0:02:39]}
9. bxc3 {[%clk 0:02:55]} Ne7 {[%clk 0:02:37]} 10. Bg5 {[%clk 0:02:51]} h6
{[%clk 0:02:34]} 11. Bxe7 {[%clk 0:02:50]} Bxe7 {[%clk 0:02:35]} 12. c4
{[%clk 0:02:41]} O-O {[%clk 0:02:30]} 13. Na3 {[%clk 0:02:17]} Qa5
{[%clk 0:02:26]} 14. Nc2 {[%clk 0:02:13]} Rfd8 {[%clk 0:02:22]} 15. Qe2
{[%clk 0:01:57]} Qc3 {[%clk 0:02:16]} 16. Rfd1 {[%clk 0:01:53]} Rd7
{[%clk 0:01:44]} 17. Rac1 {[%clk 0:01:33]} Bxf3 {[%clk 0:01:22]} 18. gxf3
{[%clk 0:01:33]} Bg5 {[%clk 0:01:15]} 19. Rb1 {[%clk 0:01:30]} Bf4
{[%clk 0:01:08]} 20. Qe4 {[%clk 0:01:05]} Qxe5 {[%clk 0:00:46]} 21. Qxe5
{[%clk 0:00:45]} Bxe5 {[%clk 0:00:47]} 22. Rb3 {[%clk 0:00:37]} Rad8
{[%clk 0:00:44]} 23. h3 {[%clk 0:00:33]} b6 {[%clk 0:00:45]} 24. Kf1
{[%clk 0:00:35]} g6 {[%clk 0:00:40]} 25. Ke2 {[%clk 0:00:36]} Kg7
{[%clk 0:00:41]} 26. a4 {[%clk 0:00:30]} Bc7 {[%clk 0:00:41]} 27. Na3 f5
{[%clk 0:00:34]} 28. Nc2 {[%clk 0:00:25]} Kf6 {[%clk 0:00:33]} 29. Rg1
{[%clk 0:00:24]} g5 {[%clk 0:00:34]} 30. Rb5 {[%clk 0:00:25]} Rxd3
{[%clk 0:00:30]} 31. Ne3 {[%clk 0:00:13]} Rd2+ {[%clk 0:00:31]} 32. Kf1
{[%clk 0:00:14]} Bf4 {[%clk 0:00:26]} 33. a5 {[%clk 0:00:07]} Bxe3
{[%clk 0:00:26]} 34. fxe3 {[%clk 0:00:08]} Rd1+ {[%clk 0:00:27]} 35. Kg2
{[%clk 0:00:09]} R8d2+ {[%clk 0:00:28]} 36. Kh1 {[%clk 0:00:11]} Rxg1+
{[%clk 0:00:21]} 37. Kxg1 {[%clk 0:00:12]} Re2 {[%clk 0:00:13]} 38. axb6
{[%clk 0:00:13]} axb6 {[%clk 0:00:15]} 39. Rxb6 {[%clk 0:00:14]} Rxe3
{[%clk 0:00:16]} 40. Rc6 {[%clk 0:00:13]} Rxf3 {[%clk 0:00:15]} 41. Kg2
{[%clk 0:00:14]} Rc3 {[%clk 0:00:12]} 42. Rxc5 {[%clk 0:00:16]} h5
{[%clk 0:00:12]} 43. Rc8 {[%clk 0:00:16]} g4 {[%clk 0:00:11]} 44. hxg4
{[%clk 0:00:16]} hxg4 {[%clk 0:00:12]} 45. c5 {[%clk 0:00:16]} f4
{[%clk 0:00:12]} 46. c6 {[%clk 0:00:17]} Rc2+ {[%clk 0:00:13]} 47. Kf1
{[%clk 0:00:18]} Ke5 {[%clk 0:00:13]} 48. Rg8 {[%clk 0:00:17]} g3
{[%clk 0:00:10]} 49. Rc8 {[%clk 0:00:16]} f3 {[%clk 0:00:11]} 50. Ke1
{[%clk 0:00:17]} f2+ {[%clk 0:00:11]} 51. Kd1 {[%clk 0:00:17]} f1=Q+
{[%clk 0:00:06]} 52. Kxc2 {[%clk 0:00:18]} Qc4+ {[%clk 0:00:06]} 53. Kd2
{[%clk 0:00:19]} Qd4+ {[%clk 0:00:06]} 54. Ke2 {[%clk 0:00:15]} Qe4+ 55. Kd2 g2
{[%clk 0:00:06]} 56. c7 {[%clk 0:00:13]} g1=Q {[%clk 0:00:07]} 57. Rd8
{[%clk 0:00:13]} Qge3+ {[%clk 0:00:07]} 58. Kd1 {[%clk 0:00:14]} Qb1#
{[%clk 0:00:08]} 0-1

[Event "blitmenteam"]
[Site "?"]
[Date "2016.10.07"]
[Round "12.20"]
[White "Usmanov, Vasily"]
[Black "Kayukov, Kirill"]
[Result "1/2-1/2"]
[LiveChessVersion "1.4.4"]
[BlackElo "2263"]
[WhiteElo "2396"]

1. Nf3 {[%clk 0:03:03]} d5 {[%clk 0:03:04]} 2. e3 {[%clk 0:03:05]} Nf6
{[%clk 0:03:04]} 3. c4 {[%clk 0:03:06]} e6 {[%clk 0:03:05]} 4. Nc3
{[%clk 0:03:07]} b6 {[%clk 0:03:06]} 5. cxd5 {[%clk 0:03:07]} exd5
{[%clk 0:03:07]} 6. d4 {[%clk 0:03:08]} Bb7 {[%clk 0:03:08]} 7. Bd3
{[%clk 0:03:08]} Bd6 {[%clk 0:03:08]} 8. Qc2 {[%clk 0:03:04]} Nc6
{[%clk 0:03:01]} 9. a3 {[%clk 0:03:04]} O-O {[%clk 0:02:49]} 10. O-O
{[%clk 0:03:05]} Ne7 {[%clk 0:02:44]} 11. Nb5 {[%clk 0:03:05]} Ng6
{[%clk 0:02:40]} 12. Nxd6 {[%clk 0:03:03]} Qxd6 {[%clk 0:02:41]} 13. Bd2
{[%clk 0:02:59]} c5 {[%clk 0:02:35]} 14. dxc5 {[%clk 0:02:54]} bxc5
{[%clk 0:02:36]} 15. Rac1 {[%clk 0:02:52]} Rac8 {[%clk 0:02:30]} 16. Bf5
{[%clk 0:02:49]} Rc7 {[%clk 0:02:17]} 17. Ba5 {[%clk 0:02:48]} Rc6
{[%clk 0:01:34]} 18. b4 {[%clk 0:02:50]} cxb4 {[%clk 0:01:20]} 19. Bxb4
{[%clk 0:02:50]} Rxc2 {[%clk 0:01:16]} 20. Bxd6 {[%clk 0:02:51]} Rxc1
{[%clk 0:01:16]} 21. Rxc1 {[%clk 0:02:52]} Rd8 {[%clk 0:01:14]} 22. Bb4
{[%clk 0:02:45]} Ne8 {[%clk 0:00:43]} 23. h4 {[%clk 0:02:32]} Ra8
{[%clk 0:00:31]} 24. h5 {[%clk 0:02:31]} Nf8 {[%clk 0:00:31]} 25. Nd4
{[%clk 0:02:28]} a5 {[%clk 0:00:28]} 26. Bc5 {[%clk 0:02:25]} Ba6
{[%clk 0:00:28]} 27. Nc6 {[%clk 0:02:18]} Ne6 {[%clk 0:00:15]} 28. Ne7+
{[%clk 0:02:12]} Kh8 {[%clk 0:00:15]} 29. Nxd5 {[%clk 0:02:05]} Rc8
{[%clk 0:00:14]} 30. Bxe6 {[%clk 0:02:02]} fxe6 {[%clk 0:00:15]} 31. Nb6
{[%clk 0:01:48]} Rc6 {[%clk 0:00:16]} 32. Rc3 {[%clk 0:01:43]} Nd6
{[%clk 0:00:13]} 33. Bd4 {[%clk 0:01:41]} Rxc3 {[%clk 0:00:11]} 34. Bxc3
{[%clk 0:01:42]} Nb5 {[%clk 0:00:10]} 35. Bb2 {[%clk 0:01:38]} Nd6
{[%clk 0:00:11]} 36. h6 {[%clk 0:01:38]} Nc4 {[%clk 0:00:08]} 37. Nxc4
{[%clk 0:01:30]} Bxc4 {[%clk 0:00:09]} 38. hxg7+ {[%clk 0:01:31]} Kg8
{[%clk 0:00:11]} 39. Be5 {[%clk 0:01:32]} a4 {[%clk 0:00:12]} 40. g4
{[%clk 0:01:28]} Kf7 {[%clk 0:00:11]} 41. Kh2 {[%clk 0:01:29]} Bd3
{[%clk 0:00:10]} 42. Kg3 {[%clk 0:01:23]} Bc2 {[%clk 0:00:09]} 43. f3
{[%clk 0:01:22]} Bd1 {[%clk 0:00:09]} 44. Kf4 {[%clk 0:01:16]} Kg8
{[%clk 0:00:08]} 45. g5 {[%clk 0:01:13]} Kf7 {[%clk 0:00:08]} 46. e4
{[%clk 0:01:14]} Be2 {[%clk 0:00:07]} 47. Kg3 {[%clk 0:01:13]} Bd1
{[%clk 0:00:07]} 48. f4 {[%clk 0:00:58]} Kg8 {[%clk 0:00:06]} 49. f5
{[%clk 0:00:49]} exf5 {[%clk 0:00:06]} 50. exf5 {[%clk 0:00:50]} Bc2
{[%clk 0:00:07]} 51. Kf4 {[%clk 0:00:49]} Kf7 {[%clk 0:00:07]} 52. Bf6
{[%clk 0:00:50]} Bb1 {[%clk 0:00:07]} 53. Bc3 {[%clk 0:00:44]} Bc2
{[%clk 0:00:08]} 54. Bb2 {[%clk 0:00:45]} Bb1 {[%clk 0:00:09]} 55. Bc3
{[%clk 0:00:26]} Bc2 {[%clk 0:00:10]} 56. g6+ {[%clk 0:00:26]} hxg6
{[%clk 0:00:11]} 57. f6 {[%clk 0:00:26]} Bb3 {[%clk 0:00:06]} 58. Kg5
{[%clk 0:00:27]} Bc2 {[%clk 0:00:06]} 59. Bd4 {[%clk 0:00:28]} Bd3
{[%clk 0:00:07]} 60. Be5 {[%clk 0:00:28]} Bc2 {[%clk 0:00:08]} 61. Kh6
{[%clk 0:00:29]} g5 {[%clk 0:00:03]} 62. Kxg5 {[%clk 0:00:30]} Bb1
{[%clk 0:00:04]} 63. Kh6 {[%clk 0:00:31]} Bc2 {[%clk 0:00:05]} 64. Kg5
{[%clk 0:00:32]} Bb1 65. Kf4 Bc2 {[%clk 0:00:07]} 66. Ke3 {[%clk 0:00:35]} Bb3
{[%clk 0:00:07]} 67. Kd4 {[%clk 0:00:36]} Bc2 {[%clk 0:00:09]} 68. Kc4
{[%clk 0:00:37]} Bb3+ 69. Kc3 Bd1 {[%clk 0:00:10]} 70. Bd4 {[%clk 0:00:40]} Bb3
{[%clk 0:00:11]} 71. Kb4 {[%clk 0:00:41]} Bd1 {[%clk 0:00:13]} 72. Kc5
{[%clk 0:00:43]} Bb3 {[%clk 0:00:14]} 73. Kd6 {[%clk 0:00:44]} Bd1
{[%clk 0:00:14]} 74. Ke5 {[%clk 0:00:41]} Bb3 {[%clk 0:00:15]} 75. Kf5
{[%clk 0:00:42]} Bc2+ {[%clk 0:00:16]} 76. Kg5 {[%clk 0:00:43]} Bb3
{[%clk 0:00:16]} 77. Bc3 {[%clk 0:00:43]} Bc4 {[%clk 0:00:17]} 78. Bb4
{[%clk 0:00:44]} Bb3 {[%clk 0:00:18]} 79. Be7 {[%clk 0:00:45]} Bc4
{[%clk 0:00:19]} 80. Kh6 {[%clk 0:00:47]} Bd3 {[%clk 0:00:20]} 81. Kh5
{[%clk 0:00:48]} Bc2 {[%clk 0:00:21]} 82. Kg5 {[%clk 0:00:49]} Bd3
{[%clk 0:00:22]} 83. Kh6 {[%clk 0:00:50]} Be4 {[%clk 0:00:23]} 84. Bf8
{[%clk 0:00:51]} Bd3 {[%clk 0:00:24]} 85. Bb4 {[%clk 0:00:52]} Bc2
{[%clk 0:00:25]} 86. Kg5 {[%clk 0:00:52]} Bd3 {[%clk 0:00:26]} 87. Kf4
{[%clk 0:00:54]} Bc2 {[%clk 0:00:27]} 88. Ke5 {[%clk 0:00:55]} Bb3
{[%clk 0:00:28]} 89. Kf5 {[%clk 0:00:56]} Bc2+ {[%clk 0:00:29]} 90. Ke5
{[%clk 0:00:58]} Bb3 {[%clk 0:00:31]} 91. Kd6 {[%clk 0:00:59]} Bc4
{[%clk 0:00:30]} 92. Kd7 {[%clk 0:00:59]} Bb3 {[%clk 0:00:31]} 93. g8=Q+
{[%clk 0:00:58]} Kxg8 {[%clk 0:00:32]} 1/2-1/2

[Event "blitmenteam"]
[Site "?"]
[Date "2016.10.07"]
[Round "13.2"]
[White "Musalov, Ruslan"]
[Black "Morozevich, Alexander"]
[Result "1/2-1/2"]
[LiveChessVersion "1.4.4"]
[BlackElo "2669"]
[WhiteElo "2359"]

1. Nf3 {[%clk 0:03:01]} d5 {[%clk 0:03:03]} 2. d4 {[%clk 0:03:00]} Bf5
{[%clk 0:03:04]} 3. e3 {[%clk 0:02:56]} e6 {[%clk 0:03:04]} 4. Bd3
{[%clk 0:02:52]} Bxd3 {[%clk 0:03:00]} 5. Qxd3 {[%clk 0:02:52]} c6
{[%clk 0:03:00]} 6. O-O {[%clk 0:02:45]} f5 {[%clk 0:02:57]} 7. b3
{[%clk 0:02:22]} Nd7 {[%clk 0:02:49]} 8. c4 {[%clk 0:02:19]} Nh6 {[%clk 0:02:48]}
9. a4 {[%clk 0:02:08]} a5 {[%clk 0:02:46]} 10. Bd2 {[%clk 0:01:59]} Bd6
{[%clk 0:02:46]} 11. c5 {[%clk 0:01:58]} Bc7 {[%clk 0:02:46]} 12. Bc3
{[%clk 0:01:54]} O-O {[%clk 0:02:38]} 13. Nbd2 {[%clk 0:01:50]} Qf6
{[%clk 0:02:14]} 14. Rfb1 {[%clk 0:01:22]} Ng4 {[%clk 0:01:44]} 15. b4
{[%clk 0:01:04]} e5 {[%clk 0:01:36]} 16. dxe5 {[%clk 0:01:01]} Ndxe5
{[%clk 0:01:35]} 17. Nxe5 {[%clk 0:00:54]} Nxe5 {[%clk 0:01:33]} 18. Bxe5
{[%clk 0:00:41]} Bxe5 {[%clk 0:01:34]} 19. Ra2 {[%clk 0:00:41]} Qe7
{[%clk 0:01:14]} 20. Nf3 {[%clk 0:00:39]} Bf6 {[%clk 0:01:06]} 21. Rc2
{[%clk 0:00:36]} axb4 {[%clk 0:01:00]} 22. Rxb4 {[%clk 0:00:36]} Ra7
{[%clk 0:01:01]} 23. g3 {[%clk 0:00:29]} g6 {[%clk 0:00:58]} 24. Qb3
{[%clk 0:00:24]} Rfa8 {[%clk 0:00:53]} 25. Nd4 {[%clk 0:00:24]} Qc7
{[%clk 0:00:43]} 26. Rb2 {[%clk 0:00:23]} Rb8 {[%clk 0:00:31]} 27. Rb6
{[%clk 0:00:22]} Bxd4 {[%clk 0:00:24]} 28. exd4 {[%clk 0:00:23]} Qe7
{[%clk 0:00:23]} 29. Rxc6 {[%clk 0:00:09]} Qe1+ {[%clk 0:00:22]} 30. Kg2
{[%clk 0:00:10]} Qe4+ {[%clk 0:00:23]} 31. Kg1 {[%clk 0:00:09]} Qe1+
{[%clk 0:00:09]} 32. Kg2 {[%clk 0:00:10]} Qe4+ {[%clk 0:00:10]} 33. Kg1
{[%clk 0:00:12]} Qe1+ {[%clk 0:00:11]} 34. Kg2 {[%clk 0:00:13]} Qe4+
{[%clk 0:00:12]} 1/2-1/2

[Event "blitmenteam"]
[Site "?"]
[Date "2016.10.07"]
[Round "13.3"]
[White "Popov, Ivan"]
[Black "Nazaretyan, Tigran"]
[Result "1-0"]
[LiveChessVersion "1.4.4"]
[BlackElo "2359"]
[WhiteElo "2606"]

1. e4 {[%clk 0:03:03]} c5 {[%clk 0:03:03]} 2. Nf3 {[%clk 0:03:04]} d6
{[%clk 0:03:03]} 3. d4 {[%clk 0:03:04]} cxd4 4. Nxd4 {[%clk 0:03:05]} Nf6
{[%clk 0:03:04]} 5. f3 {[%clk 0:03:07]} e5 {[%clk 0:03:03]} 6. Nb3
{[%clk 0:03:08]} d5 {[%clk 0:03:03]} 7. Bg5 {[%clk 0:03:06]} Be6 {[%clk 0:03:04]}
8. exd5 {[%clk 0:02:55]} Qxd5 {[%clk 0:03:01]} 9. Nc3 {[%clk 0:02:43]} Bb4
{[%clk 0:02:56]} 10. Bxf6 {[%clk 0:02:36]} Qxd1+ {[%clk 0:02:42]} 11. Rxd1
{[%clk 0:02:32]} gxf6 {[%clk 0:02:36]} 12. Kd2 {[%clk 0:02:17]} Nc6
{[%clk 0:02:29]} 13. a3 {[%clk 0:02:16]} O-O-O+ {[%clk 0:02:26]} 14. Bd3
{[%clk 0:02:16]} Bxb3 {[%clk 0:01:59]} 15. cxb3 {[%clk 0:02:11]} Bf8
{[%clk 0:01:45]} 16. Ne2 {[%clk 0:02:04]} Bh6+ {[%clk 0:01:42]} 17. Kc2
{[%clk 0:02:04]} Be3 {[%clk 0:01:23]} 18. Bc4 {[%clk 0:01:48]} Rhg8
{[%clk 0:01:18]} 19. g3 {[%clk 0:01:37]} Rg7 {[%clk 0:01:10]} 20. Rxd8+
{[%clk 0:01:32]} Kxd8 {[%clk 0:01:10]} 21. Bd5 {[%clk 0:01:33]} Kc7
{[%clk 0:01:05]} 22. Bxc6 {[%clk 0:01:32]} Kxc6 {[%clk 0:01:06]} 23. Rd1
{[%clk 0:01:31]} Rg8 {[%clk 0:01:05]} 24. Rd3 {[%clk 0:01:29]} Bf2
{[%clk 0:01:01]} 25. Nc3 {[%clk 0:01:24]} f5 {[%clk 0:00:53]} 26. Nd5
{[%clk 0:01:14]} Rg5 {[%clk 0:00:38]} 27. f4 {[%clk 0:01:11]} Rh5
{[%clk 0:00:32]} 28. fxe5 {[%clk 0:01:01]} Rxh2 {[%clk 0:00:32]} 29. Ne7+
{[%clk 0:00:49]} Kc7 {[%clk 0:00:33]} 30. Kb1 {[%clk 0:00:46]} Rh1+
{[%clk 0:00:13]} 31. Ka2 {[%clk 0:00:46]} Re1 {[%clk 0:00:14]} 32. Nd5+
{[%clk 0:00:34]} Kc6 {[%clk 0:00:13]} 33. Rf3 {[%clk 0:00:33]} Bd4
{[%clk 0:00:11]} 34. Nb4+ {[%clk 0:00:34]} Kd7 {[%clk 0:00:11]} 35. Nc2
{[%clk 0:00:32]} Re4 {[%clk 0:00:12]} 36. Rd3 {[%clk 0:00:31]} Rxe5
{[%clk 0:00:13]} 37. Nxd4 {[%clk 0:00:28]} Ke7 {[%clk 0:00:12]} 38. Kb1
{[%clk 0:00:26]} Kf6 {[%clk 0:00:13]} 39. Kc2 {[%clk 0:00:27]} Re1
{[%clk 0:00:12]} 40. Nf3 {[%clk 0:00:26]} Rf1 {[%clk 0:00:12]} 41. b4
{[%clk 0:00:24]} Rf2+ {[%clk 0:00:12]} 42. Kc3 {[%clk 0:00:26]} f4
{[%clk 0:00:12]} 43. gxf4 {[%clk 0:00:22]} Kf5 {[%clk 0:00:13]} 44. Ng5
{[%clk 0:00:19]} f6 {[%clk 0:00:12]} 45. Nxh7 {[%clk 0:00:20]} Rh2
{[%clk 0:00:13]} 46. Nxf6 {[%clk 0:00:19]} Kxf6 {[%clk 0:00:14]} 47. Rd7
{[%clk 0:00:20]} b5 {[%clk 0:00:13]} 48. Rxa7 {[%clk 0:00:18]} Rh3+
{[%clk 0:00:12]} 49. Kd4 {[%clk 0:00:20]} Rb3 {[%clk 0:00:13]} 50. Kc5
{[%clk 0:00:21]} Rxb2 {[%clk 0:00:13]} 51. Kxb5 Kf5 {[%clk 0:00:15]} 52. a4
{[%clk 0:00:22]} Kxf4 {[%clk 0:00:16]} 53. Re7 {[%clk 0:00:23]} 1-0

[Event "blitmenteam"]
[Site "?"]
[Date "2016.10.07"]
[Round "13.4"]
[White "Tenikashvili, Georgij"]
[Black "Motylev, Alexander"]
[Result "0-1"]
[LiveChessVersion "1.4.4"]
[BlackElo "2613"]
[WhiteElo "2230"]

1. d4 {[%clk 0:03:02]} g6 {[%clk 0:03:03]} 2. Nf3 {[%clk 0:03:02]} Bg7
{[%clk 0:03:05]} 3. c4 {[%clk 0:03:03]} e6 {[%clk 0:03:06]} 4. Nc3
{[%clk 0:03:03]} Ne7 {[%clk 0:03:07]} 5. e3 {[%clk 0:03:01]} O-O {[%clk 0:03:06]}
6. Be2 {[%clk 0:03:01]} d5 {[%clk 0:03:08]} 7. b3 {[%clk 0:03:00]} b6
{[%clk 0:03:08]} 8. Bb2 {[%clk 0:03:00]} Bb7 {[%clk 0:03:10]} 9. O-O
{[%clk 0:03:00]} Re8 {[%clk 0:03:02]} 10. Rc1 {[%clk 0:02:59]} a6
{[%clk 0:02:59]} 11. h3 {[%clk 0:02:59]} Nbc6 {[%clk 0:03:00]} 12. Ba1
{[%clk 0:02:42]} Qd7 {[%clk 0:03:01]} 13. Qc2 {[%clk 0:02:33]} Rad8
{[%clk 0:02:58]} 14. Rfd1 {[%clk 0:02:34]} Qc8 {[%clk 0:02:52]} 15. a3
{[%clk 0:02:26]} Qa8 {[%clk 0:02:50]} 16. Na4 {[%clk 0:02:10]} Nf5
{[%clk 0:02:27]} 17. cxd5 {[%clk 0:01:47]} exd5 {[%clk 0:02:26]} 18. b4
{[%clk 0:01:37]} Re7 {[%clk 0:02:09]} 19. Ne1 {[%clk 0:01:04]} Nd6
{[%clk 0:01:55]} 20. Bd3 {[%clk 0:00:58]} Na7 {[%clk 0:01:28]} 21. Nf3
{[%clk 0:00:57]} Nab5 {[%clk 0:01:24]} 22. Bb2 {[%clk 0:00:58]} Nc4
{[%clk 0:01:18]} 23. Bxc4 {[%clk 0:00:48]} dxc4 {[%clk 0:01:18]} 24. Ne1
{[%clk 0:00:49]} Nd6 {[%clk 0:01:07]} 25. Nc3 {[%clk 0:00:24]} Rde8
{[%clk 0:00:59]} 26. a4 {[%clk 0:00:23]} b5 {[%clk 0:00:52]} 27. d5
{[%clk 0:00:22]} bxa4 {[%clk 0:00:37]} 28. Nxa4 {[%clk 0:00:10]} Bxb2
{[%clk 0:00:34]} 29. Qxb2 {[%clk 0:00:06]} Bxd5 {[%clk 0:00:34]} 30. Qd4
{[%clk 0:00:07]} Bc6 {[%clk 0:00:14]} 31. Nc3 {[%clk 0:00:07]} a5
{[%clk 0:00:13]} 32. Ra1 {[%clk 0:00:08]} a4 {[%clk 0:00:12]} 33. Qc5
{[%clk 0:00:06]} Re5 {[%clk 0:00:12]} 34. Qd4 {[%clk 0:00:07]} Qb7
{[%clk 0:00:13]} 35. Rdb1 {[%clk 0:00:07]} Rg5 {[%clk 0:00:11]} 36. g3
{[%clk 0:00:07]} Rh5 {[%clk 0:00:11]} 37. h4 {[%clk 0:00:08]} Nf5
{[%clk 0:00:11]} 38. Qg4 {[%clk 0:00:08]} Nd6 {[%clk 0:00:10]} 39. Ra2
{[%clk 0:00:09]} Rhe5 {[%clk 0:00:10]} 40. Rd2 {[%clk 0:00:09]} Qb6
{[%clk 0:00:10]} 41. Nf3 {[%clk 0:00:09]} Rxe3 {[%clk 0:00:10]} 42. fxe3
{[%clk 0:00:09]} Qxe3+ {[%clk 0:00:11]} 43. Rf2 {[%clk 0:00:11]} Qxc3
{[%clk 0:00:11]} 44. Nd4 {[%clk 0:00:12]} Be4 {[%clk 0:00:11]} 45. Rbf1
{[%clk 0:00:12]} Qxd4 {[%clk 0:00:11]} 46. Kh2 {[%clk 0:00:12]} f5
{[%clk 0:00:10]} 47. Qg5 {[%clk 0:00:12]} Nf7 {[%clk 0:00:09]} 48. Qc1
{[%clk 0:00:12]} c3 {[%clk 0:00:10]} 49. h5 {[%clk 0:00:12]} c2 {[%clk 0:00:09]}
50. hxg6 hxg6 {[%clk 0:00:10]} 51. g4 {[%clk 0:00:11]} Qe5+ {[%clk 0:00:11]} 52.
Qf4 {[%clk 0:00:10]} Qxf4+ {[%clk 0:00:11]} 53. Rxf4 {[%clk 0:00:11]} Kg7
{[%clk 0:00:11]} 54. gxf5 {[%clk 0:00:12]} gxf5 {[%clk 0:00:12]} 55. Kg3
{[%clk 0:00:11]} Kf6 {[%clk 0:00:12]} 56. Kf2 {[%clk 0:00:12]} Ne5
{[%clk 0:00:12]} 57. Rh4 {[%clk 0:00:13]} Ng4+ {[%clk 0:00:12]} 58. Kg3
{[%clk 0:00:13]} Kg5 {[%clk 0:00:13]} 59. Rh7 {[%clk 0:00:13]} f4+
{[%clk 0:00:14]} 0-1

[Event "blitmenteam"]
[Site "?"]
[Date "2016.10.07"]
[Round "13.5"]
[White "Ponkratov, Pavel"]
[Black "Shcherbakov, Ruslan"]
[Result "1/2-1/2"]
[LiveChessVersion "1.4.4"]
[BlackElo "2493"]
[WhiteElo "2679"]

1. Nf3 {[%clk 0:03:03]} c5 {[%clk 0:03:04]} 2. g3 {[%clk 0:03:04]} g6
{[%clk 0:03:03]} 3. Bg2 {[%clk 4:12:43]} Bg7 {[%clk 0:03:02]} 4. d4
{[%clk 0:03:05]} cxd4 {[%clk 0:02:57]} 5. Nxd4 {[%clk 0:03:06]} Nc6
{[%clk 0:02:59]} 6. e3 {[%clk 0:03:07]} Nf6 {[%clk 0:02:58]} 7. O-O
{[%clk 0:03:07]} O-O {[%clk 0:02:59]} 8. c4 {[%clk 0:03:08]} Nxd4
{[%clk 0:02:50]} 9. exd4 {[%clk 0:03:07]} d5 {[%clk 0:02:51]} 10. cxd5
{[%clk 0:03:01]} Nxd5 {[%clk 0:02:48]} 11. Nc3 {[%clk 0:03:03]} Be6
{[%clk 0:02:37]} 12. Qf3 {[%clk 0:02:52]} Nxc3 {[%clk 0:02:28]} 13. bxc3
{[%clk 0:02:52]} Rc8 {[%clk 0:02:27]} 14. Re1 {[%clk 0:02:31]} Rxc3
{[%clk 0:01:49]} 15. Be3 {[%clk 0:02:24]} b6 {[%clk 0:01:44]} 16. d5
{[%clk 0:02:15]} Bf5 {[%clk 0:01:44]} 17. Rad1 {[%clk 0:02:15]} h5
{[%clk 0:01:43]} 18. Qf4 {[%clk 0:02:12]} Rc2 {[%clk 0:01:33]} 19. a3
{[%clk 0:02:10]} Qd7 {[%clk 0:01:28]} 20. Qh4 {[%clk 0:01:43]} Re8
{[%clk 0:01:13]} 21. Qf4 {[%clk 0:01:36]} b5 {[%clk 0:01:10]} 22. Bf1
{[%clk 0:01:29]} Bg4 {[%clk 0:01:08]} 23. Rd3 {[%clk 0:01:27]} a6
{[%clk 0:01:08]} 24. Qb4 {[%clk 0:01:20]} Bf5 {[%clk 0:01:03]} 25. Rdd1
{[%clk 0:01:20]} Bf6 {[%clk 0:01:00]} 26. Bd4 {[%clk 0:01:20]} Bxd4
{[%clk 0:00:53]} 27. Qxd4 {[%clk 0:01:20]} Qd6 {[%clk 0:00:53]} 28. Re3
{[%clk 0:01:18]} e5 {[%clk 0:00:44]} 29. dxe6 {[%clk 0:00:57]} Qxd4
{[%clk 0:00:45]} 30. exf7+ Kxf7 {[%clk 0:00:46]} 31. Rxd4 {[%clk 0:00:58]} Rxe3
{[%clk 0:00:47]} 32. fxe3 {[%clk 0:00:59]} Rc3 {[%clk 0:00:48]} 33. a4
{[%clk 0:01:00]} Rxe3 {[%clk 0:00:33]} 34. axb5 {[%clk 0:01:00]} axb5
{[%clk 0:00:34]} 35. Bxb5 {[%clk 0:01:01]} Re1+ {[%clk 0:00:33]} 1/2-1/2

[Event "blitmenteam"]
[Site "?"]
[Date "2016.10.07"]
[Round "13.6"]
[White "Salemgareev, Tagir"]
[Black "Khismatullin, Denis"]
[Result "0-1"]
[LiveChessVersion "1.4.4"]
[BlackElo "2604"]
[WhiteElo "2149"]

1. d4 {[%clk 0:03:02]} Nf6 {[%clk 0:03:03]} 2. Nf3 {[%clk 0:03:03]} d5
{[%clk 0:03:04]} 3. c4 {[%clk 0:03:04]} e6 {[%clk 0:03:05]} 4. g3
{[%clk 0:03:05]} Bb4+ {[%clk 0:02:56]} 5. Nbd2 {[%clk 0:03:06]} dxc4
{[%clk 0:02:46]} 6. Bg2 {[%clk 0:03:06]} b5 {[%clk 0:02:11]} 7. O-O
{[%clk 0:02:50]} Bb7 {[%clk 0:02:11]} 8. a4 {[%clk 0:02:43]} a6 {[%clk 0:02:10]}
9. Qc2 {[%clk 0:02:17]} O-O {[%clk 0:01:52]} 10. Rd1 {[%clk 0:02:04]} Nbd7
{[%clk 0:01:45]} 11. e4 {[%clk 0:01:54]} Bxd2 {[%clk 0:01:03]} 12. Nxd2
{[%clk 0:01:54]} c5 {[%clk 0:00:46]} 13. dxc5 {[%clk 0:01:38]} Qc7
{[%clk 0:00:44]} 14. b3 {[%clk 0:01:33]} Nxc5 {[%clk 0:00:41]} 15. axb5
{[%clk 0:01:29]} axb5 {[%clk 0:00:40]} 16. Rxa8 {[%clk 0:01:29]} Rxa8
{[%clk 0:00:40]} 17. bxc4 {[%clk 0:01:30]} b4 {[%clk 0:00:41]} 18. Bb2
{[%clk 0:01:25]} Bc6 {[%clk 0:00:31]} 19. Bxf6 {[%clk 0:01:08]} Ba4
{[%clk 0:00:14]} 20. Qb2 {[%clk 0:01:06]} Bxd1 {[%clk 0:00:14]} 21. Bxg7
{[%clk 0:01:03]} e5 {[%clk 0:00:11]} 22. Bh6 {[%clk 0:00:23]} Nd3
{[%clk 0:00:10]} 23. Qb1 {[%clk 0:00:21]} Be2 {[%clk 0:00:10]} 24. Bf3
{[%clk 0:00:16]} Bxf3 {[%clk 0:00:10]} 25. Nxf3 {[%clk 0:00:17]} Qxc4
{[%clk 0:00:09]} 26. Nd2 {[%clk 0:00:11]} Qd4 {[%clk 0:00:09]} 27. Be3
{[%clk 0:00:11]} Qa1 {[%clk 0:00:09]} 28. Qxa1 {[%clk 0:00:10]} Rxa1+
{[%clk 0:00:09]} 29. Kg2 {[%clk 0:00:12]} Nc1 {[%clk 0:00:08]} 30. Nc4
{[%clk 0:00:09]} b3 {[%clk 0:00:07]} 31. Kf3 {[%clk 0:00:07]} Ra4
{[%clk 0:00:07]} 32. Nb2 {[%clk 0:00:07]} Ra1 {[%clk 0:00:08]} 33. Nc4
{[%clk 0:00:05]} f6 {[%clk 0:00:06]} 34. Bd2 {[%clk 0:00:05]} Nd3
{[%clk 0:00:06]} 35. Ke2 {[%clk 0:00:05]} b2 {[%clk 0:00:07]} 36. Nxb2
{[%clk 0:00:06]} Nxb2 {[%clk 0:00:08]} 37. Bc3 {[%clk 0:00:08]} Ra2
{[%clk 0:00:09]} 38. Kf1 {[%clk 0:00:06]} Nd3 {[%clk 0:00:09]} 0-1